[Event "Mittelfranken-chTB2b 1718"]
[Site "Mittelfranken"]
[Date "2018.04.22"]
[Round "8.6"]
[White "Semenova, Alisa"]
[Black "Bothe, Matthias"]
[Result "1/2-1/2"]
[WhiteElo "1687"]
[BlackElo "1873"]
[PlyCount "58"]
[EventDate "2017.10.08"]
[EventType "team-tourn"]
[EventRounds "9"]
[EventCountry "GER"]
[SourceTitle "EXT 2022"]
[Source "ChessBase"]
[SourceDate "2021.10.06"]
[SourceVersion "1"]
[SourceVersionDate "2021.10.06"]
[SourceQuality "1"]
[WhiteTeam "Nuernberg Noris Tarrasch IV"]
[BlackTeam "Neumarkt"]
[WhiteTeamCountry "GER"]
[BlackTeamCountry "GER"]

1. e4 e6 2. d4 d5 3. exd5 exd5 4. Bd3 Nc6 5. c3 Bd6 6. Qf3 Nce7 7. Bf4 Nf6 8. h3 0-0 9. Ne2 Ng6 10. Bxd6 Qxd6 11. 0-0 Bd7 12. Nd2 Rae8 13. Rae1 Re7 14. Ng3 Rfe8 15. Qd1 Nf4 16. Bc2 g6 17. Nf3 Ne4 18. Nxe4 dxe4 19. Ne5 Nxh3+ 20. gxh3 Bxh3 21. Bxe4 Bxf1 22. Rxf1 f6 23. Nc4 Qf4 24. Bg2 Kg7 25. Ne3 h5 26. Nd5 Qg5 27. Nxe7 Rxe7 28. Qf3 c6 29. Qg3 Qd2 1/2-1/2

[Event "Mittelfranken-chT2b 1617"]
[Site "Mittelfranken"]
[Date "2017.03.05"]
[Round "7.7"]
[White "Gottsmann, Helmut"]
[Black "Semenova, Alisa"]
[Result "0-1"]
[WhiteElo "1566"]
[BlackElo "1685"]
[PlyCount "92"]
[EventDate "2016.10.23"]
[EventType "team-tourn"]
[EventRounds "9"]
[EventCountry "GER"]
[SourceTitle "EXT 2022"]
[Source "ChessBase"]
[SourceDate "2021.10.06"]
[SourceVersion "1"]
[SourceVersionDate "2021.10.06"]
[SourceQuality "1"]
[WhiteTeam "Nuernberg Zabo Eintracht II"]
[BlackTeam "Nuernberg Noris Tarrasch IV"]
[WhiteTeamCountry "GER"]
[BlackTeamCountry "GER"]

1. e4 c5 2. Nf3 Nc6 3. d4 cxd4 4. Nxd4 g6 5. Be3 Bg7 6. Nc3 Nf6 7. f3 0-0 8. Be2 d5 9. exd5 Nxd5 10. Nxd5 Qxd5 11. Nxc6 Qxc6 12. c3 Be6 13. 0-0 Rfd8 14. Qc2 Bf5 15. Qb3 Bd3 16. Bxd3 Rxd3 17. Bf2 b6 18. Rad1 Rad8 19. Rxd3 Rxd3 20. Rd1 Qd7 21. Rxd3 Qxd3 22. g3 Bh6 23. f4 Qb1+ 24. Kg2 Qe4+ 25. Kg1 g5 26. fxg5 Bxg5 27. Qd1 e5 28. Qe1 Qxe1+ 29. Bxe1 f5 30. c4 Kf7 31. Kf2 e4 32. Bc3 Ke6 33. b4 h5 34. a4 h4 35. gxh4 Bxh4+ 36. Ke2 f4 37. Bd4 Be7 38. c5 Bd8 39. cxb6 axb6 40. Bc3 f3+ 41. Kf1 e3 42. a5 bxa5 43. bxa5 Bh4 44. a6 e2+ 45. Kg1 f2+ 46. Kg2 f1Q# 0-1

[Event "Mittelfranken-chT2b 1617"]
[Site "Mittelfranken"]
[Date "2016.11.13"]
[Round "2.6"]
[White "Semenova, Alisa"]
[Black "Weber, Alexander"]
[Result "0-1"]
[WhiteElo "1685"]
[BlackElo "1802"]
[PlyCount "76"]
[EventDate "2016.10.23"]
[EventType "team-tourn"]
[EventRounds "9"]
[EventCountry "GER"]
[SourceTitle "EXT 2022"]
[Source "ChessBase"]
[SourceDate "2021.10.06"]
[SourceVersion "1"]
[SourceVersionDate "2021.10.06"]
[SourceQuality "1"]
[WhiteTeam "Nuernberg Noris Tarrasch IV"]
[BlackTeam "Erlangen SC III"]
[WhiteTeamCountry "GER"]
[BlackTeamCountry "GER"]

1. e4 Nc6 2. Nc3 e5 3. Bc4 Nf6 4. d3 Na5 5. Bb3 Nxb3 6. axb3 Be7 7. Nf3 d6 8. h3 0-0 9. d4 exd4 10. Nxd4 Re8 11. 0-0 h6 12. f4 Bf8 13. Qf3 c5 14. Ndb5 Qb6 15. Re1 Bd7 16. Na3 Bc6 17. Nc4 Qc7 18. Re2 Nxe4 19. Nxe4 Rxe4 20. Rxe4 f5 21. Qc3 Bxe4 22. Nd2 Bd5 23. Qd3 Qc6 24. Qg3 Be7 25. c4 Bf7 26. Qd3 g6 27. Nf3 Bf6 28. Rb1 Qe4 29. Qxe4 fxe4 30. Nd2 Re8 31. Nf1 b5 32. Ne3 Bd4 33. cxb5 Bxb3 34. Ra1 Re7 35. Kh1 Bxe3 36. Bxe3 Bc4 37. Rd1 Bd3 38. Kg1 Rb7 0-1

[Event "Forchheim op-B 15th"]
[Site "Forchheim"]
[Date "2016.10.03"]
[Round "5"]
[White "Semenova, Alisa"]
[Black "Hetzner, Hannes"]
[Result "1-0"]
[WhiteElo "1646"]
[BlackElo "1368"]
[PlyCount "53"]
[EventDate "2016.10.01"]
[EventType "swiss"]
[EventRounds "5"]
[EventCountry "GER"]
[SourceTitle "EXT 2019"]
[Source "ChessBase"]
[SourceDate "2018.10.10"]
[SourceVersion "1"]
[SourceVersionDate "2018.10.10"]
[SourceQuality "1"]

1. e4 e6 2. d4 d5 3. exd5 exd5 4. Bd3 Bd6 5. Qf3 Nf6 6. h3 Nc6 7. c3 0-0 8. Ne2 Ne7 9. Bg5 Ne4 10. Bxe4 dxe4 11. Qxe4 Be6 12. 0-0 Bd5 13. Qd3 Qd7 14. Bxe7 Qxe7 15. Nd2 Qf6 16. c4 Bc6 17. c5 Bxc5 18. dxc5 Rad8 19. Qc2 Qg5 20. Ne4 Qg6 21. N2g3 Rfe8 22. Rfe1 h5 23. f4 Kf8 24. f5 Bxe4 25. Nxe4 Qxf5 26. Qc4 Qf4 27. Nd6 1-0

[Event "Mittelfranken-chTB2b 1516"]
[Site "Mittelfranken"]
[Date "2016.04.03"]
[Round "8.8"]
[White "Koehler, Dominik"]
[Black "Semenova, Alisa"]
[Result "1-0"]
[WhiteElo "1728"]
[BlackElo "1634"]
[PlyCount "85"]
[EventDate "2015.10.18"]
[EventType "team-tourn"]
[EventRounds "9"]
[EventCountry "GER"]
[SourceTitle "EXT 2020"]
[Source "ChessBase"]
[SourceDate "2019.10.17"]
[SourceVersion "1"]
[SourceVersionDate "2019.10.17"]
[SourceQuality "1"]
[WhiteTeam "Forchheim III"]
[BlackTeam "Nuernberg NT IV"]
[WhiteTeamCountry "GER"]
[BlackTeamCountry "GER"]

1. e4 c5 2. Nf3 Nc6 3. d3 g6 4. g3 Bg7 5. Bg2 d6 6. 0-0 e6 7. c3 Nge7 8. Nbd2 0-0 9. Nc4 b5 10. Ne3 Rb8 11. Ng4 f5 12. exf5 Nxf5 13. Ng5 Nce7 14. Re1 h5 15. Ne3 d5 16. Nxf5 exf5 17. Ne6 Bxe6 18. Rxe6 Rb6 19. Qe2 Bf6 20. Bh6 Rf7 21. Re1 Rh7 22. Rxb6 Qxb6 23. Qe6+ Qxe6 24. Rxe6 Kf7 25. Ra6 Rxh6 26. Rxa7 Ke8 27. Rb7 d4 28. cxd4 Bxd4 29. Rxb5 g5 30. a4 Ra6 31. a5 Nc8 32. Bb7 Re6 33. Bxc8 Re2 34. a6 Rxf2 35. Kh1 Rf1+ 36. Kg2 Rf2+ 37. Kh3 Be3 38. Bxf5 Rxf5 39. a7 g4+ 40. Kh4 Bg5+ 41. Kxh5 Bc1+ 42. Kxg4 Rg5+ 43. Kh4 1-0

[Event "Landesliga U20 Nord 1516"]
[Site "Bayern"]
[Date "2016.01.23"]
[Round "5.4"]
[White "Uhlig, Felix"]
[Black "Semenova, Alisa"]
[Result "1/2-1/2"]
[WhiteElo "1437"]
[BlackElo "1634"]
[PlyCount "55"]
[EventDate "2015.11.21"]
[EventType "team-tourn"]
[EventRounds "7"]
[EventCountry "GER"]
[SourceTitle "EXT 2022"]
[Source "ChessBase"]
[SourceDate "2021.10.06"]
[SourceVersion "1"]
[SourceVersionDate "2021.10.06"]
[SourceQuality "1"]
[WhiteTeam "Kareth Lappersdorf U20"]
[BlackTeam "Nuernberg Noris Tarrasch U20"]
[WhiteTeamCountry "GER"]
[BlackTeamCountry "GER"]

1. e4 c5 2. Nf3 Nc6 3. g3 g6 4. Bg2 Bg7 5. d3 d6 6. 0-0 e6 7. Re1 Nge7 8. Nbd2 0-0 9. Nf1 Bd7 10. Ne3 Qc7 11. Rb1 Rab8 12. b3 b5 13. Bb2 e5 14. c4 a6 15. Rf1 f5 16. Nd2 f4 17. Nd5 Nxd5 18. exd5 Ne7 19. Ne4 h6 20. Bc1 bxc4 21. dxc4 Bf5 22. g4 Bxe4 23. Bxe4 g5 24. f3 Kh8 25. Bd2 Ng8 26. Bc3 Nf6 27. Bf5 Qe7 28. Re1 1/2-1/2

[Event "Forchheim op-B 14th"]
[Site "Forchheim"]
[Date "2015.10.04"]
[Round "5"]
[White "Semenova, Alisa"]
[Black "Weissmann, Peter"]
[Result "1/2-1/2"]
[WhiteElo "1646"]
[BlackElo "1795"]
[PlyCount "48"]
[EventDate "2015.10.02"]
[EventType "swiss"]
[EventRounds "5"]
[EventCountry "GER"]
[SourceTitle "EXT 2019"]
[Source "ChessBase"]
[SourceDate "2018.10.10"]
[SourceVersion "1"]
[SourceVersionDate "2018.10.10"]
[SourceQuality "1"]

1. e4 c5 2. Nc3 Nc6 3. g3 g6 4. Bg2 Bg7 5. d3 d6 6. Be3 Nf6 7. h3 e5 8. Qd2 Nd4 9. Nd1 b5 10. c3 Ne6 11. f4 Bb7 12. Nf3 Qc7 13. 0-0 c4 14. Nf2 Rd8 15. Bxa7 Nh5 16. f5 Nc5 17. Bxc5 dxc5 18. Rfe1 Nxg3 19. Qg5 Nh5 20. Rad1 cxd3 21. Nxd3 Nf4 22. Ndxe5 f6 23. Rxd8+ Qxd8 24. Qxf4 fxe5 1/2-1/2

[Event "Mittelfranken-chTB2b 1415"]
[Site "Mittelfranken"]
[Date "2015.04.19"]
[Round "9.8"]
[White "Ruderer, Alexander"]
[Black "Semenova, Alisa"]
[Result "1-0"]
[WhiteElo "1555"]
[BlackElo "1634"]
[PlyCount "47"]
[EventDate "2014.09.28"]
[EventType "team-tourn"]
[EventRounds "9"]
[EventCountry "GER"]
[SourceTitle "EXT 2020"]
[Source "ChessBase"]
[SourceDate "2019.10.17"]
[SourceVersion "1"]
[SourceVersionDate "2019.10.17"]
[SourceQuality "1"]
[WhiteTeam "Heideck/Hilpoltstein"]
[BlackTeam "Nuernberg NT IV"]
[WhiteTeamCountry "GER"]
[BlackTeamCountry "GER"]

1. d4 d5 2. Bf4 e6 3. Nf3 c6 4. e3 f5 5. Be2 Nf6 6. 0-0 Be7 7. Nbd2 0-0 8. c4 Ne4 9. Bxb8 Rxb8 10. Ne5 g5 11. f3 Nf6 12. c5 Qe8 13. Rf2 h5 14. h3 h4 15. f4 Ne4 16. Nxe4 fxe4 17. Bh5 Qd8 18. Qg4 Bf6 19. fxg5 Bxe5 20. Rxf8+ Qxf8 21. dxe5 Qf5 22. Qxh4 Qxe5 23. Rf1 Qg7 24. Rf6 1-0

[Event "Mittelfranken-chTB2b 1415"]
[Site "Mittelfranken"]
[Date "2014.11.16"]
[Round "3.7"]
[White "Mettal, Thomas"]
[Black "Semenova, Alisa"]
[Result "1/2-1/2"]
[WhiteElo "1673"]
[BlackElo "1634"]
[PlyCount "86"]
[EventDate "2014.09.28"]
[EventType "team-tourn"]
[EventRounds "9"]
[EventCountry "GER"]
[SourceTitle "EXT 2020"]
[Source "ChessBase"]
[SourceDate "2019.10.17"]
[SourceVersion "1"]
[SourceVersionDate "2019.10.17"]
[SourceQuality "1"]
[WhiteTeam "Bubenreuth/Moehrendorf"]
[BlackTeam "Nuernberg NT IV"]
[WhiteTeamCountry "GER"]
[BlackTeamCountry "GER"]

1. e4 c5 2. Nf3 Nc6 3. d4 cxd4 4. Nxd4 g6 5. Nc3 Bg7 6. Be3 Nf6 7. Bc4 Qa5 8. f3 Qb4 9. Bb3 Nxe4 10. fxe4 Nxd4 11. a3 Qd6 12. Bc4 Be5 13. Ne2 Nxe2 14. Qxd6 exd6 15. Kxe2 Bxb2 16. Ra2 Be5 17. h3 h5 18. Rf1 Rh7 19. Kd3 b6 20. Bd5 Rb8 21. c4 Bb7 22. Rc2 Bc6 23. Rcf2 Bxd5 24. cxd5 Rc8 25. Rc2 Rxc2 26. Kxc2 Ke7 27. Kb3 f6 28. Kb4 Kd8 29. Rc1 Re7 30. Rc4 g5 31. Kb5 Bb2 32. a4 Ba3 33. Ka6 Bc5 34. Bxc5 bxc5 35. Kxa7 Kc7 36. Ka6 Re8 37. a5 Rb8 38. Rc3 Rb2 39. g4 hxg4 40. hxg4 Rb4 41. Re3 Rb2 42. Rf3 Rb4 43. Re3 Rb2 1/2-1/2

[Event "Mittelfranken-chTB2b 1415"]
[Site "Mittelfranken"]
[Date "2014.09.28"]
[Round "1.7"]
[White "Semenova, Alisa"]
[Black "Gagel, Roland"]
[Result "1-0"]
[WhiteElo "1634"]
[BlackElo "1771"]
[PlyCount "89"]
[EventDate "2014.09.28"]
[EventType "team-tourn"]
[EventRounds "9"]
[EventCountry "GER"]
[SourceTitle "EXT 2020"]
[Source "ChessBase"]
[SourceDate "2019.10.17"]
[SourceVersion "1"]
[SourceVersionDate "2019.10.17"]
[SourceQuality "1"]
[WhiteTeam "Nuernberg NT IV"]
[BlackTeam "Forchheim III"]
[WhiteTeamCountry "GER"]
[BlackTeamCountry "GER"]

1. e4 c5 2. Nc3 d6 3. g3 Nc6 4. Bg2 g6 5. d3 Bg7 6. Be3 e6 7. Qd2 Nd4 8. Nd1 Rb8 9. c3 Nc6 10. f4 b6 11. Nf3 Bb7 12. d4 Nge7 13. Nf2 Qc7 14. 0-0 0-0 15. h3 Rbd8 16. Qc2 Ba6 17. Rfd1 c4 18. g4 f5 19. Ng5 Qc8 20. d5 exd5 21. exd5 Nb8 22. Ne6 Bb7 23. Nxf8 Rxf8 24. g5 Re8 25. Qd2 Na6 26. Bd4 Bxd4 27. Qxd4 Qc5 28. Qxc5 Nxc5 29. Rd4 b5 30. Re1 Kf7 31. Rb1 Nc8 32. Kf1 Na4 33. Nd1 Ne7 34. b3 cxb3 35. axb3 Nc5 36. Ne3 Nc8 37. Kf2 Nb6 38. b4 Ne4+ 39. Bxe4 fxe4 40. Rc1 Bc8 41. h4 a6 42. c4 bxc4 43. Nxc4 Nxc4 44. Rdxc4 e3+ 45. Ke1 1-0

[Event "Pyramiden Franken Cup"]
[Site "Fuerth"]
[Date "2014.09.06"]
[Round "4"]
[White "Beesk, Kevin"]
[Black "Semenova, Alisa"]
[Result "1-0"]
[WhiteElo "1866"]
[BlackElo "1607"]
[PlyCount "83"]
[EventDate "2014.09.04"]
[EventType "swiss"]
[EventRounds "7"]
[EventCountry "GER"]
[SourceTitle "CBM 162 Extra"]
[Source "ChessBase"]
[SourceDate "2014.10.17"]
[SourceVersion "1"]
[SourceVersionDate "2014.10.17"]
[SourceQuality "1"]

1. e4 c5 2. Nc3 Nc6 3. f4 d6 4. Nf3 g6 5. Bb5 Bd7 6. 0-0 e6 7. Bxc6 Bxc6 8. d3 Bg7 9. Qe1 Ne7 10. Kh1 Bd7 11. Qf2 0-0 12. Bd2 b5 13. Qh4 f6 14. g4 f5 15. gxf5 exf5 16. Rg1 Bc6 17. Ng5 h6 18. Ne6 Qd7 19. Nxf8 Rxf8 20. h3 b4 21. Nd5 Nxd5 22. exd5 Bxd5+ 23. Kh2 Rf6 24. b3 Re6 25. Rae1 Qe8 26. Rxe6 Qxe6 27. Qd8+ Kh7 28. Re1 Qf6 29. Qxf6 Bxf6 30. Bc1 a5 31. Kg3 g5 32. Re8 Kg6 33. Rb8 h5 34. fxg5 Bxg5 35. Bxg5 Kxg5 36. h4+ Kf6 37. Kf4 Ke6 38. Rh8 Bg2 39. Rxh5 Kd5 40. Rxf5+ Kd4 41. h5 Kc3 42. Ke3 1-0

[Event "Pyramiden Franken Cup"]
[Site "Fuerth"]
[Date "2014.09.05"]
[Round "3"]
[White "Semenova, Alisa"]
[Black "Heinrich, Leon"]
[Result "1-0"]
[WhiteElo "1607"]
[BlackElo "1537"]
[PlyCount "67"]
[EventDate "2014.09.04"]
[EventType "swiss"]
[EventRounds "7"]
[EventCountry "GER"]
[SourceTitle "CBM 162 Extra"]
[Source "ChessBase"]
[SourceDate "2014.10.17"]
[SourceVersion "1"]
[SourceVersionDate "2014.10.17"]
[SourceQuality "1"]

1. e4 e5 2. Bc4 Nf6 3. Nc3 Nc6 4. d3 d6 5. h3 Be7 6. Nge2 0-0 7. 0-0 Na5 8. Be3 Nxc4 9. dxc4 Be6 10. b3 c6 11. f4 exf4 12. Nxf4 Qd7 13. Qf3 Ne8 14. Rad1 Qc8 15. Qg3 f5 16. Nh5 Bf7 17. Rxf5 Kh8 18. Bd4 Bxh5 19. Rxh5 Nf6 20. Rf5 Rg8 21. Rdf1 Qe6 22. e5 Nd7 23. exd6 Bxd6 24. Qg4 Be7 25. Bxg7+ Rxg7 26. Rf8+ Nxf8 27. Rxf8+ Rxf8 28. Qxe6 Bc5+ 29. Kh2 Rfg8 30. g4 Bb6 31. Ne4 Rg6 32. Qe5+ R6g7 33. Ng5 Bc7 34. Nf7# 1-0

[Event "Nuremberg Zabo op 15th"]
[Site "Nuremberg"]
[Date "2013.09.22"]
[Round "5"]
[White "Semenova, Alisa"]
[Black "Lottring, Dieter"]
[Result "1/2-1/2"]
[WhiteElo "1485"]
[BlackElo "1658"]
[PlyCount "53"]
[EventDate "2013.09.20"]
[EventType "swiss"]
[EventRounds "5"]
[EventCountry "GER"]
[SourceTitle "EXT 2016"]
[Source "ChessBase"]
[SourceDate "2015.10.08"]
[SourceVersion "1"]
[SourceVersionDate "2015.10.08"]
[SourceQuality "1"]

1. e4 d6 2. Nc3 g6 3. d3 Bg7 4. g3 b6 5. Bg2 Bb7 6. Be3 Nd7 7. Qd2 Ngf6 8. h3 a6 9. a3 0-0 10. Bh6 e6 11. f3 Re8 12. g4 Nxe4 13. Nxe4 Qh4+ 14. Qf2 Qxf2+ 15. Nxf2 Bxh6 16. h4 Bg7 17. 0-0-0 b5 18. Ne2 d5 19. Rde1 h6 20. f4 Rab8 21. h5 c5 22. Rh3 Kf8 23. Bf3 Ke7 24. hxg6 fxg6 25. f5 g5 26. fxe6 Kxe6 27. Ng3+ 1/2-1/2

[Event "GER-ch U14 Girls"]
[Site "Oberhof"]
[Date "2013.05.24"]
[Round "8"]
[White "Semenova, Alisa"]
[Black "Brandl, Lea Maria"]
[Result "0-1"]
[WhiteElo "1581"]
[BlackElo "1708"]
[PlyCount "86"]
[EventDate "2013.05.19"]
[EventType "swiss"]
[EventRounds "9"]
[EventCountry "GER"]
[SourceTitle "CBM 154 Extra"]
[Source "ChessBase"]
[SourceDate "2013.06.25"]
[SourceVersion "2"]
[SourceVersionDate "2013.06.25"]
[SourceQuality "1"]

1. e4 c5 2. Nf3 d6 3. d4 cxd4 4. Nxd4 Nf6 5. Nc3 a6 6. Bg5 e6 7. Qe2 Qb6 8. 0-0-0 Nc6 9. Nb3 Bd7 10. f4 Qc7 11. g4 Be7 12. Bg2 Rb8 13. a3 b5 14. Na2 a5 15. Rd3 b4 16. axb4 axb4 17. Kb1 Na5 18. Qd1 Qa7 19. Nbc1 Bb5 20. Rg3 Ba4 21. b3 Bc6 22. Re1 0-0 23. e5 dxe5 24. fxe5 Nd5 25. Bxe7 Qxe7 26. Bxd5 Bxd5 27. Qe2 Rfc8 28. Qe3 Nc6 29. Rh3 Na7 30. Qg3 Nb5 31. Qf2 Na3+ 32. Ka1 Nxc2+ 33. Kb1 Nxe1 34. Qxe1 Qc7 35. Qe2 Qc6 36. Re3 Qa8 37. h4 Rc7 38. Qe1 Qa3 39. Qd2 Rbc8 40. Qb2 Qa7 41. Rg3 Be4+ 42. Nd3 Bxd3+ 43. Rxd3 Qg1+ 0-1

[Event "GER-ch U14 Girls"]
[Site "Oberhof"]
[Date "2013.05.20"]
[Round "3"]
[White "Nobis, Anna"]
[Black "Semenova, Alisa"]
[Result "1-0"]
[WhiteElo "1757"]
[BlackElo "1581"]
[PlyCount "63"]
[EventDate "2013.05.19"]
[EventType "swiss"]
[EventRounds "9"]
[EventCountry "GER"]
[SourceTitle "CBM 154 Extra"]
[Source "ChessBase"]
[SourceDate "2013.06.25"]
[SourceVersion "2"]
[SourceVersionDate "2013.06.25"]
[SourceQuality "1"]

1. e4 c5 2. Nf3 Nc6 3. d4 cxd4 4. Nxd4 Nf6 5. Nc3 e5 6. Ndb5 d6 7. Bg5 a6 8. Bxf6 gxf6 9. Na3 b5 10. Nd5 f5 11. exf5 Bxf5 12. c3 Bg7 13. Qf3 Be6 14. Nf4 Bd7 15. Nh5 Qg5 16. Rd1 0-0 17. Nxg7 Kxg7 18. h4 Qg4 19. Qe3 Qe6 20. Rh3 f5 21. c4 b4 22. Nc2 f4 23. Qd2 a5 24. Rd3 Qf5 25. Rxd6 Be8 26. Be2 Rc8 27. Bf3 e4 28. Rd5 Qe6 29. Qe2 Bg6 30. Bg4 Bf5 31. Bxf5 Rxf5 32. Qg4+ 1-0

[Event "GER-ch U14 Girls"]
[Site "Oberhof"]
[Date "2013.05.19"]
[Round "2"]
[White "Semenova, Alisa"]
[Black "Kluge, Leyla"]
[Result "1/2-1/2"]
[WhiteElo "1581"]
[BlackElo "1678"]
[PlyCount "85"]
[EventDate "2013.05.19"]
[EventType "swiss"]
[EventRounds "9"]
[EventCountry "GER"]
[SourceTitle "CBM 154 Extra"]
[Source "ChessBase"]
[SourceDate "2013.06.25"]
[SourceVersion "2"]
[SourceVersionDate "2013.06.25"]
[SourceQuality "1"]

1. e4 c5 2. Nc3 Nc6 3. g3 g6 4. Bg2 Bg7 5. d3 Nf6 6. Be3 d6 7. h3 0-0 8. Qd2 a6 9. Bh6 Qb6 10. Rb1 Nd4 11. Bxg7 Kxg7 12. Nd1 Be6 13. b3 Qc7 14. c3 Nc6 15. f4 Rh8 16. Ne2 Rac8 17. Rc1 Qb6 18. Nf2 Qa7 19. d4 cxd4 20. cxd4 d5 21. e5 Ne4 22. Nxe4 dxe4 23. Bxe4 Rhd8 24. Rc5 Nxd4 25. Rxc8 Nf3+ 26. Bxf3 Rxd2 27. Kxd2 Bxc8 28. g4 Qf2 29. Be4 Qb6 30. Rc1 Qb4+ 31. Nc3 Qd4+ 32. Ke2 b5 33. Kf3 g5 34. Ne2 Qd7 35. fxg5 Bb7 36. Bxb7 Qxb7+ 37. Kf2 Qe4 38. Rc5 Qg6 39. Kg3 Qxg5 40. Nf4 Qh6 41. Nh5+ Kg6 42. Nf4+ Kg7 43. Nh5+ 1/2-1/2

[Event "GER-chT U14 Girls"]
[Site "Magdeburg"]
[Date "2012.12.29"]
[Round "6.1"]
[White "Semenova, Alisa"]
[Black "Nguyen, Ha Thanh"]
[Result "1/2-1/2"]
[WhiteElo "1477"]
[BlackElo "1299"]
[PlyCount "53"]
[EventDate "2012.12.27"]
[EventType "team-swiss"]
[EventRounds "7"]
[EventCountry "GER"]
[SourceTitle "EXT 2014"]
[Source "ChessBase"]
[SourceDate "2013.11.20"]
[SourceVersion "1"]
[SourceVersionDate "2013.11.20"]
[SourceQuality "1"]
[WhiteTeam "Neumarkt"]
[BlackTeam "Erfurt Empor"]
[WhiteTeamCountry "GER"]
[BlackTeamCountry "GER"]

1. e4 c5 2. Nc3 Nc6 3. g3 g6 4. Bg2 Bg7 5. d3 d6 6. Be3 Nf6 7. Qd2 Bd7 8. Bh6 0-0 9. h4 Ng4 10. Bxg7 Kxg7 11. h5 e6 12. hxg6 fxg6 13. f3 Nf6 14. Qh6+ Kf7 15. Nh3 Ke8 16. Ng5 Ng8 17. Qh4 h6 18. Nh3 Qxh4 19. gxh4 Nd4 20. 0-0-0 Nxf3 21. Bxf3 Rxf3 22. Rdf1 Rxf1+ 23. Rxf1 Ke7 24. Nf4 Kf7 25. Nh5+ Ke7 26. Nf4 Be8 27. Rg1 1/2-1/2

[Event "GER-chT U14 Girls"]
[Site "Magdeburg"]
[Date "2012.12.28"]
[Round "4.1"]
[White "Hund, Sarah"]
[Black "Semenova, Alisa"]
[Result "1-0"]
[WhiteElo "1859"]
[BlackElo "1477"]
[PlyCount "87"]
[EventDate "2012.12.27"]
[EventType "team-swiss"]
[EventRounds "7"]
[EventCountry "GER"]
[SourceTitle "EXT 2014"]
[Source "ChessBase"]
[SourceDate "2013.11.20"]
[SourceVersion "1"]
[SourceVersionDate "2013.11.20"]
[SourceQuality "1"]
[WhiteTeam "Freiburg Zaehringen"]
[BlackTeam "Neumarkt"]
[WhiteTeamCountry "GER"]
[BlackTeamCountry "GER"]

1. e4 c5 2. Nf3 Nc6 3. d4 cxd4 4. Nxd4 g6 5. Be3 Bg7 6. Nc3 Nf6 7. f3 0-0 8. Be2 d5 9. Nxc6 bxc6 10. e5 Nd7 11. f4 Bb7 12. 0-0 e6 13. Na4 f6 14. Nc5 Nxc5 15. Bxc5 Rf7 16. Bg4 Qd7 17. exf6 Bxf6 18. Re1 Re8 19. c3 Bc8 20. Re3 Qc7 21. Qe2 Qxf4 22. Bxe6 Bxe6 23. Rxe6 Rxe6 24. Qxe6 Qc7 25. Rf1 Kg7 26. Re1 Qd7 27. Qxd7 Rxd7 28. Re6 Rc7 29. Kf1 Kf7 30. Re2 Be7 31. Rxe7+ Rxe7 32. Bxe7 Kxe7 33. Ke2 c5 34. Ke3 Ke6 35. b4 cxb4 36. cxb4 Ke5 37. a4 d4+ 38. Kd3 Kd5 39. h4 h6 40. g4 g5 41. h5 Ke5 42. b5 Kd5 43. a5 Kc5 44. b6 1-0

[Event "GER-chT U14 Girls"]
[Site "Magdeburg"]
[Date "2012.12.27"]
[Round "1.1"]
[White "Semenova, Alisa"]
[Black "Klinge, Sabina"]
[Result "1/2-1/2"]
[WhiteElo "1477"]
[BlackElo "1449"]
[PlyCount "106"]
[EventDate "2012.12.27"]
[EventType "team-swiss"]
[EventRounds "7"]
[EventCountry "GER"]
[SourceTitle "EXT 2014"]
[Source "ChessBase"]
[SourceDate "2013.11.20"]
[SourceVersion "1"]
[SourceVersionDate "2013.11.20"]
[SourceQuality "1"]
[WhiteTeam "Neumarkt"]
[BlackTeam "Harksheide"]
[WhiteTeamCountry "GER"]
[BlackTeamCountry "GER"]

1. e4 c5 2. Nc3 Nc6 3. g3 g6 4. Bg2 Bg7 5. d3 d6 6. Be3 Bd7 7. Qd2 a6 8. Nge2 Rc8 9. f4 f5 10. 0-0 Nf6 11. d4 cxd4 12. Nxd4 Ng4 13. Nxc6 Bxc6 14. exf5 Bxg2 15. Kxg2 gxf5 16. Rad1 Nxe3+ 17. Qxe3 0-0 18. Rfe1 Rf7 19. Re2 Rc4 20. Qe6 Qc8 21. Qxc8+ Rxc8 22. Nd5 e5 23. Ne3 Rd8 24. fxe5 Bxe5 25. Nc4 Rfd7 26. Nb6 Re7 27. Nc4 Bf6 28. Rxe7 Bxe7 29. Ne3 Rf8 30. Rf1 f4 31. Rxf4 Rxf4 32. gxf4 Bf6 33. c3 Kf7 34. Kf3 Ke6 35. Ke4 h5 36. f5+ Kd7 37. Kd5 Be5 38. h3 b5 39. a4 Bf4 40. Ng2 Bg5 41. axb5 axb5 42. Ne1 Bf6 43. Nd3 Bg5 44. h4 Bh6 45. f6 Be3 46. b3 Bd2 47. c4 bxc4 48. bxc4 Bh6 49. c5 Bf8 50. cxd6 Bxd6 51. f7 Bf8 52. Nf4 Ke7 53. Nxh5 Kxf7 1/2-1/2

[Event "Landesliga Nord 1213 U20"]
[Site "Bayern"]
[Date "2012.10.20"]
[Round "1.3"]
[White "Semenova, Alisa"]
[Black "Gutheil, Georg"]
[Result "1/2-1/2"]
[WhiteElo "1486"]
[BlackElo "1395"]
[PlyCount "43"]
[EventDate "2012.10.20"]
[EventType "team-tourn"]
[EventRounds "7"]
[EventCountry "GER"]
[SourceTitle "EXT 2020"]
[Source "ChessBase"]
[SourceDate "2019.10.17"]
[SourceVersion "1"]
[SourceVersionDate "2019.10.17"]
[SourceQuality "1"]
[WhiteTeam "Nuernberg NT U20"]
[BlackTeam "Lauf SV U20"]
[WhiteTeamCountry "GER"]
[BlackTeamCountry "GER"]

1. e4 e5 2. Nf3 Nc6 3. Bc4 Nf6 4. Nc3 Bc5 5. d3 0-0 6. 0-0 d6 7. Bg5 Be6 8. Nd5 Bxd5 9. Bxd5 Rb8 10. a3 Nd4 11. c3 Ne6 12. Bxe6 fxe6 13. d4 exd4 14. cxd4 Bb6 15. Qb3 Qe8 16. e5 Ne4 17. exd6 cxd6 18. Rfe1 Rxf3 19. Qxf3 Nxg5 20. Qg4 Qg6 21. h4 Bxd4 22. Qxg5 1/2-1/2